Loading...
| Science - Physics | 0 | 7 | 0 | 0 | 70 | 42 | 56.14 | 2 | 4 | 0.00 | 0.00 |
| Science - Chemistry | 0 | 8 | 2 | 0 | 70 | 30 | 53.13 | 3 | 5 | 0.00 | 0.00 |
| Mythology | 0 | 6 | 0 | 0 | 60 | 20 | 50.00 | 4 | 5 | 0.00 | 0.00 |
| Science - Biology | 0 | 6 | 1 | 1 | 55 | 49 | 81.50 | 1 | 2 | 0.00 | 0.00 |
| Literature - World/Other | 0 | 4 | 0 | 1 | 40 | 68 | 97.00 | 0 | 1 | 0.00 | 0.00 |
| Science - Other | 0 | 3 | 0 | 0 | 30 | 13 | 60.33 | 1 | 1 | 0.00 | 0.00 |
| History - Other | 0 | 3 | 1 | 1 | 25 | 14 | 25.67 | 2 | 3 | 0.00 | 0.00 |
| Fine Arts - Classical Music | 0 | 2 | 0 | 0 | 20 | 49 | 82.50 | 1 | 1 | 0.00 | 0.00 |
| Fine Arts - Other | 0 | 2 | 0 | 0 | 20 | 64 | 98.50 | 0 | 1 | 0.00 | 0.00 |
| Fine Arts - Visual | 0 | 2 | 0 | 0 | 20 | 64 | 94.00 | 0 | 1 | 0.00 | 0.00 |
| Literature - British | 0 | 2 | 0 | 0 | 20 | 124 | 124.50 | 0 | 0 | 0.00 | 0.00 |
| Religion | 0 | 1 | 0 | 0 | 10 | 84 | 84.00 | 1 | 1 | 0.00 | 0.00 |
| Philosophy | 0 | 1 | 0 | 0 | 10 | 79 | 79.00 | 0 | 0 | 0.00 | 0.00 |
| Literature - European | 0 | 1 | 0 | 1 | 10 | 128 | 128.00 | 0 | 0 | 0.00 | 0.00 |
| Social Science | 0 | 1 | 0 | 0 | 10 | 86 | 86.00 | 0 | 0 | 0.00 | 0.00 |